000 00527nam a2200157 a 4500
005 20140412111304.0
008 010727s19uu xx 00 eng d
050 _aM 786.2
_bP182 1992
100 _aPalmer, Willar A.
245 _aPrep course for the young beginner :
_btheory book - level F /
_cWillard A. Palmer ; Morton Manus ; Amanda Vick Lethco.
260 _aU.S.A :
_bAlfred Publishing Co., Inc,
_c1992.
300 _a32p. ; ill.
440 _aAlfred's Basic Piano Library
650 _aPiano lessons
999 _c103568
_d103568